000
00390nam a22001697a 4500
003
MPLRDC
005
20220104144230.0
008
210129b ||||| |||| 00| 0 eng d
082
_a
857.7 XMY v.740
100
_a
唐绢
245
_a
老虎的印记
_c
260
_a
_b
星河出版社
_c
300
_b
平
490
_a
寻梦园系列:740
650
_a
942
_c
BK
_o
857.7 XMY v.740
999
_c
47658
_d
47648